[Event "Caorle op"]
[Site "Caorle"]
[Date "1989.??.??"]
[Round "3"]
[White "Frasson, Giovanni"]
[Black "Galic, Zeljko"]
[Result "0-1"]
[WhiteElo "1900"]
[BlackElo "2200"]
[PlyCount "44"]
[EventDate "1989.07.??"]
[EventType "swiss"]
[EventRounds "8"]
[EventCountry "ITA"]
[SourceTitle "EXT 2000"]
[Source "ChessBase"]
[SourceDate "1999.11.16"]
[SourceVersion "1"]
[SourceVersionDate "1999.11.16"]
[SourceQuality "1"]

1. c4 e5 2. Nc3 Nf6 3. Nf3 e4 4. Ng5 b5 5. Ncxe4 bxc4 6. Nxf6+ Qxf6 7. d4 d5 8. Nf3 Bf5 9. e3 Bd6 10. Bd2 0-0 11. b3 cxb3 12. axb3 Nc6 13. Bb5 Ne7 14. Ba5 Be4 15. Bd3 Qg6 16. Bxe4 dxe4 17. Nh4 Qh6 18. g3 g5 19. Ng2 Qh3 20. 0-0 Nf5 21. Qe2 g4 22. Nf4 Bxf4 0-1

[Event "Caorle op"]
[Site "Caorle"]
[Date "1989.??.??"]
[Round "4"]
[White "Maffezzoni, Marco"]
[Black "Frasson, Giovanni"]
[Result "1/2-1/2"]
[WhiteElo "1940"]
[BlackElo "1900"]
[PlyCount "58"]
[EventDate "1989.07.??"]
[EventType "swiss"]
[EventRounds "8"]
[EventCountry "ITA"]
[SourceTitle "EXT 2000"]
[Source "ChessBase"]
[SourceDate "1999.11.16"]
[SourceVersion "1"]
[SourceVersionDate "1999.11.16"]
[SourceQuality "1"]

1. c4 e5 2. Nc3 Nf6 3. Nf3 Nc6 4. a3 d5 5. cxd5 Nxd5 6. e4 Nb6 7. Bb5 Bd6 8. d4 exd4 9. Nxd4 Bd7 10. Nxc6 bxc6 11. Be2 0-0 12. 0-0 Qe7 13. Be3 f5 14. exf5 Bxf5 15. Bf3 Rad8 16. Qb3+ Be6 17. Qc2 Rxf3 18. gxf3 Qh4 19. h3 Qxh3 20. f4 Qg4+ 21. Kh1 Qf3+ 22. Kh2 Bxf4+ 23. Bxf4 Qxf4+ 24. Kg2 Qg4+ 25. Kh2 Qh3+ 26. Kg1 Bd5 27. Nxd5 Rxd5 28. f4 Rd6 29. Rf2 Qg3+ 1/2-1/2